000 01109cam a22002771i 4500
003 SA-RiAUC
005 20241117143836.0
008 241024s1984 ua g 001k0 ara c
040 _aSA-AhKFU
_bara
_cSA-RiAUC
_erda
050 4 _bA32 1984
082 0 4 _a251
_qSA-RiAUC
090 _a251
_bك ر م
100 1 _aالكرماستي، يوسف بن حسين،
_dتوفي 906 هجري
_eمؤلف.
245 1 2 _aالوجيز في أصول الفقه /
_cيوسف حسين الكرماستي ؛ تحقيق وشرح وتعليق السيد عبد اللطيف كساب.
250 _aالطبعة الأولى.
264 1 _aالقاهرة :
_bدار الهدى،
_c1984
300 _a239 صفحة ؛
_c24 سم
336 _aنص
_btxt
_2rdacontent
_3كتاب
337 _aبدون وسيط
_bn
_2rdamedia
338 _aمجلد
_bnc
_2rdacarrier
500 _aكشافات : صفحة 223-225.
650 7 _aأصول الفقه الإسلامي
_2aucsh
700 1 _aكساب، السيد عبد اللطيف
_eمحقق.
942 _2ddc
_cBOOK
_n0
949 _aSA-JeALM
_d241024
_umohamedma123
_n1
999 _c2439
_d2439